00734nam a2200205Ia 4500003000900000008004100009020001800050040001600068080001700084245009300101260003700194300001800231490003700249650004100286650002900327700003100356942000700387999001500394952011900409IN-BaIIA211028s9999 xx 000 0 eng d a81-208-0108-3 cIIA Library a291.8bMUL-7 4aThe institutes of Vishnucedited by Max F Muller  aDelhibMotilal Banarsidassc1986 axxxvii, 316p. aThe Sacred Books of the East v.7 aAstronomy and Astrophysics Thesaurus aSacred Literature916787 aMuller, Max F., ed.916788 cBK c9897d9897 00102ddc4070aBANbBANcGENd0000-00-00g80.00l0oGEN/ SBE-7p10807r2021-11-05v80.00w0000-00-00yBKGRs. 80